Statistics for Electric Car Companies

Click here to take the quiz!

General Stats

  • This quiz has been taken 183 times
  • The average score is 6 of 13

Answer Stats

ModelsAnswer% Correct
Models S, 3, X, YTesla
96%
i3BMW
74%
e-tronAudi
68%
LeafNissan
68%
ID.3Volkswagen
63%
ZoeRenault
52%
I-PaceJaguar
48%
R1SRivian
36%
i-MiEVMitsubishi
33%
Lucid AirLucid
31%
e6BYD
19%
ES6, ES8NIO
17%
G9, P5, P7XPeng
10%

Score Distribution

Percentile by Number Answered

Percent of People with Each Score

Your Score History

You have not taken this quiz